000 00629nam a2200277Ia 4500
005 20260324131512.0
008 008 260324s9999 xx 000 0 eng d
020 _a9780203597149
037 _aEBOOK
040 _aCRL
040 _beng
040 _cCRL
041 _2eng
041 _aeng
084 _qCRL
100 _aSanford Shieh; Alice Crary
_91185749
245 0 _aReading Cavell
260 _bTaylor and Francis
260 _c2006
365 _a
365 _b185
856 _uhttp://www.taylorfrancis.com/books/9780203597149
942 _cEBOOK
999 _c1782968
_d1782968